书目信息 |
| 题名: |
第二辑(1949-1966年)辉煌与苦涩 事件卷
|
|
| 作者: | 柯灵 主编 | |
| 分册: | ||
| 出版信息: | 上海 文汇出版社 1998.11 |
|
| 页数: | 491页 | |
| 开本: | 32开 | |
| 丛书名: | ||
| 单 册: | ||
| 中图分类: | I25 | |
| 科图分类: | ||
| 主题词: | 报告文学--中国 , 传记文学--中国 | |
| 电子资源: | ||
| ISBN: | 7-80531-447-0 | |
| 000 | 00626nam0 2200205 45 | |
| 001 | 0011012038 | |
| 005 | 20001111071314.8 | |
| 010 | @a7-80531-447-0@d26.00元 | |
| 100 | @a20001101d1998 km y0chiy0120 ea | |
| 101 | 0 | @achi |
| 105 | @a z 000yy | |
| 200 | 1 | @a第二辑(1949-1966年)辉煌与苦涩 事件卷@ADi Er Ji(1949-1966 Nian)Hui Huang Yu Ku Se Shi Jian Juan@f柯灵 主编@FKe Ling Zhu Bian |
| 210 | @a上海@c文汇出版社@d1998.11 | |
| 215 | @a491页@d32开 | |
| 606 | 0 | @a报告文学@x中国 |
| 606 | 0 | @a传记文学@x中国 |
| 690 | @aI25@v3 | |
| 701 | 0 | @a柯灵@4主编 |
| 801 | @aCN@bPftUser@c20001101 | |
| 905 | @dI25@eK.513:2:1@b401172@f1 | |
| 第二辑(1949-1966年)辉煌与苦涩 事件卷/柯灵 主编.-上海:文汇出版社,1998.11 |
| 491页;32开 |
| ISBN 7-80531-447-0:26.00元 |
| ● |
| 相关链接 |
|
|
|
正题名:第二辑(1949-1966年)辉煌与苦涩事件卷
索取号:I25/K.513:2:1
 
预约/预借
| 序号 | 登录号 | 条形码 | 馆藏地/架位号 | 状态 | 备注 |
| 1 | 401172 | 204011728 | 文学库108/108文学库 65排6列2层/ [索取号:I25/K.513:2:1] | 在馆 |